000 01007nam a22003017a 4500
003 CHAP
005 20220329140806.0
008 971013s1983 r 00010 d
010 _a57679
011 _a58651
035 _a62806
040 _cCHAP
082 _a632.3
_bS8
100 0 0 _aStarr, Mortimer P.
_9109498
245 _aPhytopathogenic bacteria
260 _aNew York :
_bSpringer-Verlag,
_c1983
300 _ac.a. 120 p.
_b: ilus.
500 _aArtículos aparecidos en: Starr, M. P., ed. The prokaryotes: a handbook an Berlin, Springer-Verlag 1981
590 _aBATCH-UPD
_b10
_c20130110
_lUCH01
_h0930
590 _aBATCH-UPD
_b10
_c20130410
_lUCH01
_h0549
590 _aBATCH-UPD
_b10
_c20130914
_lUCH01
_h0519
590 _aCONVERSION
_b10
_c20130109
_lUCH01
_h1331
650 1 4 _aBacterias fitopatógenas.
_99326
650 1 4 _aPlantas
_xEnfermedades por bacterias.
_988829
901 _aBK
942 _cLIBRO
949 _a632.3 S8
_bBC
_cLIBRO
_d33724000178372
_eLIBRO
_gI.125135
_h64714
_i62806
_si
999 _c57679
_d57679